[Event "Prague Open 2022 - B FIDE Open"]
[Site "Olympik hotel, Prague"]
[Date "2022.01.07"]
[Round "1"]
[Board "7"]
[White "Kammova, Katerina"]
[Black "Tomasek, Ladislav"]
[Result "0-1"]
[WhiteElo "1420"]
[BlackElo "1800"]
[PlyCount "44"]
[EventDate "2022.01.07"]
[EventRounds "9"]
[EventCountry "CZE"]

1. e4 e5 2. d4 exd4 3. Nf3 Nc6 4. c3 d5 5. exd5 Qxd5 6. cxd4 Nf6 7. Nc3 Bb4 8.
Bd2 Bxc3 9. bxc3 O-O 10. Be2 Na5 11. O-O Bf5 12. Ne5 b6 13. Re1 Rad8 14. Bd3
Bxd3 15. Nxd3 Rfe8 16. Qc2 Nc4 17. Qb3 Nxd2 18. Rxe8+ Rxe8 19. Qd1 Nc4 20. h3
Qe4 21. Kf1 Nd5 22. Rb1 Nxc3  0-1

[Event "Prague Open 2022 - B FIDE Open"]
[Site "Olympik hotel, Prague"]
[Date "2022.01.07"]
[Round "1"]
[Board "8"]
[White "Konvalinka, Vladislav"]
[Black "Maly, Jiri sen."]
[Result "1-0"]
[WhiteElo "1796"]
[BlackElo "1390"]
[PlyCount "91"]
[EventDate "2022.01.07"]
[EventRounds "9"]
[EventCountry "CZE"]

1. d4 d5 2. c4 e6 3. g3 c6 4. Bg2 Nf6 5. Nf3 Bb4+ 6. Bd2 Bxd2+ 7. Nbxd2 O-O 8.
O-O b6 9. Qc2 h6 10. e4 Ba6 11. e5 Ne4 12. Rfd1 f5 13. exf6 Qxf6 14. Nxe4 dxe4
15. Ne5 c5 16. Bxe4 cxd4 17. Ng6 Nd7 18. Nxf8 Rxf8 19. b3 Nc5 20. Bg2 Bb7 21.
Bxb7 Nxb7 22. f4 e5 23. Qe4 Nd6 24. Qxe5 Nf5 25. Qxf6 Rxf6 26. Kf2 Rd6 27. Rd3
Ne3 28. Re1 Ng4+ 29. Kg2 Kf7 30. Re4 Re6 31. Rxe6 Kxe6 32. Rxd4 Ne3+ 33. Kf3
Nc2 34. Rd2 Nb4 35. g4 a5 36. h4 Nc6 37. Ke4 Ne7 38. f5+ Kf7 39. Rd6 Nc8 40.
Rc6 Ne7 41. Rxb6 g5 42. fxg6+ Nxg6 43. Rxg6 Kxg6 44. Ke5 h5 45. g5 Kg7 46. c5
 1-0

[Event "Prague Open 2022 - B FIDE Open"]
[Site "Olympik hotel, Prague"]
[Date "2022.01.07"]
[Round "1"]
[Board "9"]
[White "Policar, Martin"]
[Black "Hradil, Karel"]
[Result "1/2-1/2"]
[WhiteElo "1388"]
[BlackElo "1763"]
[PlyCount "40"]
[EventDate "2022.01.07"]
[EventRounds "9"]
[EventCountry "CZE"]

1. e4 e6 2. d4 d5 3. exd5 exd5 4. c4 c6 5. Nc3 Nf6 6. Bg5 Be7 7. Nf3 O-O 8. Be2
Be6 9. cxd5 Nxd5 10. Nxd5 Bxg5 11. Nxg5 Bxd5 12. Nf3 Nd7 13. O-O Nf6 14. Rc1
Re8 15. Ne5 a5 16. Bc4 Bxc4 17. Rxc4 Nd5 18. Qb3 Qe7 19. Rc5 a4 20. Qc4 a3
 1/2-1/2

[Event "Prague Open 2022 - B FIDE Open"]
[Site "Olympik hotel, Prague"]
[Date "2022.01.07"]
[Round "1"]
[Board "10"]
[White "Kalvach, Ladislav"]
[Black "Mrazek, Adam"]
[Result "0-1"]
[WhiteElo "1762"]
[BlackElo "1384"]
[PlyCount "44"]
[EventDate "2022.01.07"]
[EventRounds "9"]
[EventCountry "CZE"]

1. c4 e5 2. Nc3 Nf6 3. g3 d5 4. cxd5 Nxd5 5. Bg2 Be6 6. Nf3 Nc6 7. d3 Bc5 8.
Ng5 Nxc3 9. bxc3 Bd7 10. Qb3 O-O 11. O-O Bb6 12. Bd5 Be8 13. e4 h6 14. Nf3 Qf6
15. Kg2 Bd7 16. Be3 Bg4 17. Ng1 Rad8 18. Qc2 h5 19. Qd2 h4 20. Bg5 h3+ 21. Nxh3
Qf3+ 22. Kg1 Bxh3  0-1

[Event "Prague Open 2022 - B FIDE Open"]
[Site "Olympik hotel, Prague"]
[Date "2022.01.07"]
[Round "1"]
[Board "14"]
[White "Grabarczyk, Sylwester"]
[Black "Taisl, Lubomir"]
[Result "1-0"]
[WhiteElo "1732"]
[BlackElo "1330"]
[PlyCount "51"]
[EventDate "2022.01.07"]
[EventRounds "9"]
[EventCountry "CZE"]

1. e4 d6 2. f4 Nc6 3. d4 e6 4. Nf3 d5 5. e5 f5 6. exf6 Nxf6 7. Bb5 Bd7 8. O-O
Ne4 9. Bxc6 Bxc6 10. Ne5 Qh4 11. Nxc6 bxc6 12. Nd2 Nf6 13. Nf3 Qh5 14. Qe2 Ne4
15. Qa6 Bd6 16. Qxc6+ Ke7 17. Ne5 Rad8 18. c4 Rb8 19. cxd5 Qe2 20. dxe6 Rxb2
21. Bxb2 Qe3+ 22. Kh1 Nf2+ 23. Rxf2 Qxf2 24. Qb5 Qxf4 25. Rf1 Qe4 26. Nc6+  1-0

[Event "Prague Open 2022 - B FIDE Open"]
[Site "Olympik hotel, Prague"]
[Date "2022.01.07"]
[Round "1"]
[Board "15"]
[White "Tomanek, Karel"]
[Black "Karlsson, Peter 1965"]
[Result "1/2-1/2"]
[WhiteElo "1322"]
[BlackElo "1726"]
[PlyCount "64"]
[EventDate "2022.01.07"]
[EventRounds "9"]
[EventCountry "CZE"]

1. d4 Nf6 2. c4 c5 3. e3 g6 4. Nc3 Bg7 5. Nf3 cxd4 6. exd4 d6 7. Be2 O-O 8. O-O
Nc6 9. a3 Bg4 10. h3 Bxf3 11. Bxf3 Rc8 12. Be3 a6 13. b4 Qc7 14. Rc1 e5 15. Nd5
Qd8 16. Nxf6+ Bxf6 17. d5 Nd4 18. Bg4 Rb8 19. Bh6 Bg7 20. Bxg7 Kxg7 21. f4 f5
22. Be2 Nxe2+ 23. Qxe2 e4 24. Rc3 Rc8 25. Qb2 Qf6 26. Rb1 Rfd8 27. Rc2 Rc7 28.
Qxf6+ Kxf6 29. Kf2 b6 30. Ke3 h6 31. g3 Rdc8 32. Rbc1 Rd7  1/2-1/2

[Event "Prague Open 2022 - B FIDE Open"]
[Site "Olympik hotel, Prague"]
[Date "2022.01.08"]
[Round "2"]
[Board "1"]
[White "Barbier, Astrid"]
[Black "Werner, Roman"]
[Result "1-0"]
[WhiteElo "1910"]
[BlackElo "1578"]
[PlyCount "63"]
[EventDate "2022.01.07"]
[EventRounds "9"]
[EventCountry "CZE"]

1. e4 c5 2. Be2 Nc6 3. d3 g6 4. f4 Bg7 5. Nf3 d6 6. O-O Nf6 7. Qe1 Qb6 8. Kh1
O-O 9. Qh4 Bg4 10. Nbd2 Nb4 11. Bd1 Qc7 12. a3 Nc6 13. a4 a6 14. Nb1 Bxf3 15.
Rxf3 Nd4 16. Rf1 b5 17. f5 c4 18. dxc4 bxc4 19. Be3 Nd7 20. Nc3 Qb7 21. Ra2 Nc5
22. Nd5 Nc6 23. Rf3 h5 24. Be2 Bxb2 25. Rxb2 Qxb2 26. f6 e6 27. Qf4 exd5 28.
Bxc5 dxc5 29. Qh6 Qxf6 30. Rxf6 Rab8 31. h3 Nd4 32. Bxh5  1-0

[Event "Prague Open 2022 - B FIDE Open"]
[Site "Olympik hotel, Prague"]
[Date "2022.01.08"]
[Round "2"]
[Board "2"]
[White "Sedlacek, Pavel"]
[Black "Jaeger, Andre"]
[Result "0-1"]
[WhiteElo "1564"]
[BlackElo "1889"]
[PlyCount "56"]
[EventDate "2022.01.07"]
[EventRounds "9"]
[EventCountry "CZE"]

1. e4 c5 2. Nf3 a6 3. d4 cxd4 4. Nxd4 Nf6 5. Nc3 e5 6. Nb3 Bb4 7. f3 d5 8. Bd2
dxe4 9. fxe4 O-O 10. Qe2 Nc6 11. a3 Bg4 12. Qd3 Be7 13. Be2 Nd4 14. Nxd4 exd4
15. Nd1 Bxe2 16. Qxe2 Qc7 17. c3 Bd6 18. Nf2 Rae8 19. O-O-O dxc3 20. Bxc3 Bxa3
21. Kb1 Qb6 22. Ka1 Bb4 23. Bd4 Qa5+ 24. Kb1 Re6 25. e5 Nd7 26. h4 Nxe5 27.
Bxe5 Rxe5 28. Qf3 Rb5  0-1

[Event "Prague Open 2022 - B FIDE Open"]
[Site "Olympik hotel, Prague"]
[Date "2022.01.08"]
[Round "2"]
[Board "4"]
[White "Cizek, Jan"]
[Black "Janousek, Roman"]
[Result "0-1"]
[WhiteElo "1557"]
[BlackElo "1817"]
[PlyCount "70"]
[EventDate "2022.01.07"]
[EventRounds "9"]
[EventCountry "CZE"]

1. e4 g6 2. d4 Bg7 3. Nc3 d6 4. Be3 a6 5. Qd2 b5 6. f4 Bb7 7. Bd3 e6 8. Nf3 Ne7
9. O-O-O O-O 10. Kb1 Nd7 11. h4 c5 12. f5 exf5 13. exf5 Bxf3 14. gxf3 cxd4 15.
Bh6 dxc3 16. Qc1 Qa5 17. Bxg7 Kxg7 18. h5 Rh8 19. h6+ Kf8 20. Qf4 Ne5 21. Be4
Qb4 22. b3 Qa3 23. Qc1 Qxc1+ 24. Kxc1 d5 25. f6 dxe4 26. fxe7+ Kxe7 27. Rde1 f5
28. fxe4 f4 29. Rh3 b4 30. a3 a5 31. a4 g5 32. Rh5 Nf7 33. e5 Ra6 34. Rh2 Rg8
35. Rg2 Rxh6  0-1

[Event "Prague Open 2022 - B FIDE Open"]
[Site "Olympik hotel, Prague"]
[Date "2022.01.08"]
[Round "2"]
[Board "7"]
[White "Chernyy, Andrey"]
[Black "Konvalinka, Vladislav"]
[Result "0-1"]
[WhiteElo "1521"]
[BlackElo "1796"]
[PlyCount "74"]
[EventDate "2022.01.07"]
[EventRounds "9"]
[EventCountry "CZE"]

1. e4 Nf6 2. e5 Nd5 3. d4 d6 4. Nf3 dxe5 5. Nxe5 c6 6. c4 Nf6 7. Nc3 Bf5 8. Be3
Nbd7 9. Nf3 e6 10. Bd3 Bg6 11. Bxg6 hxg6 12. h3 Bb4 13. Qb3 Bxc3+ 14. Qxc3 Ne4
15. Qc2 Qa5+ 16. Bd2 Nxd2 17. Qxd2 Qxd2+ 18. Kxd2 Rd8 19. Kc3 f6 20. g4 g5 21.
Rae1 Kf7 22. Re3 Nf8 23. Rhe1 Ng6 24. Rxe6 Rxh3 25. R6e3 Nf4 26. Ng1 Rxe3+ 27.
Rxe3 Rh8 28. b4 Rh2 29. Rf3 Rg2 30. Nh3 Rxg4 31. Nxf4 Rxf4 32. Rxf4 gxf4 33.
Kd3 f5 34. Ke2 g5 35. Kf3 Ke6 36. a4 a6 37. Kg2 b5  0-1

[Event "Prague Open 2022 - B FIDE Open"]
[Site "Olympik hotel, Prague"]
[Date "2022.01.08"]
[Round "2"]
[Board "8"]
[White "Kusak, Lubomir"]
[Black "Dundalek, Jozef"]
[Result "1-0"]
[WhiteElo "1748"]
[BlackElo "1523"]
[PlyCount "66"]
[EventDate "2022.01.07"]
[EventRounds "9"]
[EventCountry "CZE"]

1. c4 e5 2. Nc3 c5 3. g3 Nc6 4. Bg2 g6 5. Nf3 Bg7 6. d3 Nge7 7. Bg5 h6 8. Bd2
O-O 9. Qc1 Kh7 10. h4 Rh8 11. Nd5 Nxd5 12. cxd5 Nd4 13. Qxc5 d6 14. Qc1 Bg4 15.
Nxd4 exd4 16. f3 Rc8 17. Qd1 Bd7 18. h5 Re8 19. Kf2 g5 20. Rc1 Qf6 21. f4 Bg4
22. Bf3 Rc5 23. Rxc5 dxc5 24. Qa4 Rd8 25. Qxa7 Rxd5 26. Qxb7 Rd6 27. Qe4+ Kg8
28. fxg5 hxg5 29. Qxg4 Bh6 30. Qc8+ Bf8 31. Qxc5 g4 32. Qg5+ Qxg5 33. Bxg5 Rc6
 1-0

[Event "Prague Open 2022 - B FIDE Open"]
[Site "Olympik hotel, Prague"]
[Date "2022.01.08"]
[Round "2"]
[Board "11"]
[White "Halousek, Jaroslav"]
[Black "Rychtecky, Pavel"]
[Result "1/2-1/2"]
[WhiteElo "1649"]
[BlackElo "1491"]
[PlyCount "46"]
[EventDate "2022.01.07"]
[EventRounds "9"]
[EventCountry "CZE"]

1. c4 Nf6 2. Nc3 e6 3. g3 d5 4. cxd5 exd5 5. d4 Be7 6. Bg2 O-O 7. Nf3 a6 8. O-O
Re8 9. Qb3 c6 10. Bf4 Nbd7 11. Rfe1 Nh5 12. Bd2 Nb6 13. e4 dxe4 14. Nxe4 Be6
15. Qc2 Qd7 16. Nc5 Bxc5 17. Qxc5 Nd5 18. Ne5 Qc8 19. Nc4 Qd7 20. Ba5 Nhf6 21.
Ne5 Qe7 22. b4 Nd7 23. Nxd7 Qxd7  1/2-1/2

[Event "Prague Open 2022 - B FIDE Open"]
[Site "Olympik hotel, Prague"]
[Date "2022.01.08"]
[Round "2"]
[Board "20"]
[White "Hradil, Karel"]
[Black "Zacek, Petr"]
[Result "1/2-1/2"]
[WhiteElo "1763"]
[BlackElo "1452"]
[PlyCount "21"]
[EventDate "2022.01.07"]
[EventRounds "9"]
[EventCountry "CZE"]

1. d4 Nf6 2. g3 e6 3. Bg2 d5 4. Nf3 Be7 5. O-O O-O 6. b3 Nbd7 7. Bb2 b6 8. Nbd2
Bb7 9. c4 c6 10. Ne5 Rc8 11. Ndf3  1/2-1/2

[Event "Prague Open 2022 - B FIDE Open"]
[Site "Olympik hotel, Prague"]
[Date "2022.01.08"]
[Round "2"]
[Board "29"]
[White "Kretschmer, Wolfgang"]
[Black "Melnikov, Ivan"]
[Result "1/2-1/2"]
[WhiteElo "1754"]
[BlackElo "1304"]
[PlyCount "44"]
[EventDate "2022.01.07"]
[EventRounds "9"]
[EventCountry "CZE"]

1. d4 e6 2. c4 f5 3. g3 Nf6 4. Bg2 d5 5. Nf3 c6 6. O-O Bd6 7. b3 Qe7 8. e3 O-O
9. Bb2 Nbd7 10. Nc3 b6 11. cxd5 cxd5 12. Rc1 Ba6 13. Re1 Rac8 14. Bf1 Bxf1 15.
Rxf1 Ne4 16. Nb5 a6 17. Nxd6 Qxd6 18. Qd3 b5 19. Ne5 Nxe5 20. dxe5 Qd7 21. Ba3
Rxc1 22. Rxc1 Rc8  1/2-1/2

[Event "Prague Open 2022 - B FIDE Open"]
[Site "Olympik hotel, Prague"]
[Date "2022.01.08"]
[Round "3"]
[Board "1"]
[White "Karlsson, Henrik 1974"]
[Black "Barbier, Astrid"]
[Result "0-1"]
[WhiteElo "1636"]
[BlackElo "1910"]
[PlyCount "74"]
[EventDate "2022.01.07"]
[EventRounds "9"]
[EventCountry "CZE"]

1. e4 c5 2. Nf3 Nc6 3. d4 cxd4 4. Nxd4 g6 5. Nc3 Bg7 6. Be3 Nf6 7. Bc4 O-O 8.
f3 Qb6 9. Qd2 Nxe4 10. fxe4 Bxd4 11. Bxd4 Qxd4 12. Qxd4 Nxd4 13. O-O-O Nc6 14.
Rhf1 d6 15. h3 Rb8 16. Rf2 Kg7 17. Bd5 Ne5 18. Rd4 b5 19. a4 a6 20. axb5 axb5
21. Na2 Bd7 22. Nb4 Rb6 23. Nd3 Nxd3+ 24. Rxd3 b4 25. Rd4 f6 26. Rf3 Rc8 27.
Bb3 Rc5 28. h4 Bc6 29. Re3 Bd7 30. Rc4 Bg4 31. Kd2 Re5 32. g3 g5 33. hxg5 Rxg5
34. Rc7 Re5 35. Bd5 Kg6 36. Rb3 f5 37. Rb7 Rxd5+  0-1

[Event "Prague Open 2022 - B FIDE Open"]
[Site "Olympik hotel, Prague"]
[Date "2022.01.08"]
[Round "3"]
[Board "2"]
[White "Jaeger, Andre"]
[Black "Sosovickova, Martina"]
[Result "1-0"]
[WhiteElo "1889"]
[BlackElo "1702"]
[PlyCount "107"]
[EventDate "2022.01.07"]
[EventRounds "9"]
[EventCountry "CZE"]

1. d4 f5 2. Bg5 d6 3. e3 Nd7 4. Bd3 g6 5. Nd2 Ngf6 6. c3 Bg7 7. Qb3 Nb6 8. h4
Bd7 9. a4 h6 10. Bxf6 Bxf6 11. a5 Na4 12. Rxa4 Bxa4 13. Qxa4+ Qd7 14. Qxd7+
Kxd7 15. h5 e6 16. Ne2 g5 17. d5 Rhf8 18. dxe6+ Kxe6 19. Nd4+ Bxd4 20. exd4
Rae8 21. Kd1 Kf6 22. Re1 Rxe1+ 23. Kxe1 Re8+ 24. Kf1 b6 25. b4 Re7 26. Nc4 f4
27. a6 Kg7 28. d5 Re8 29. Na3 Kf6 30. Nb5 Ra8 31. Nxc7 Rd8 32. Nb5 Rd7 33. Nd4
g4 34. Bf5 Rg7 35. Bc8 Rc7 36. Bxg4 Rxc3 37. Nc6 Ra3 38. Bc8 Ra1+ 39. Ke2 Ra4
40. Kf3 Kg5 41. Bb7 Kf5 42. g4+ fxg3 43. Kxg3 Kg5 44. Nxa7 Rxb4 45. Nc6 Rb3+
46. f3 Ra3 47. a7 b5 48. a8=Q Rxa8 49. Bxa8 Kxh5 50. Nb4 Kg5 51. Bc6 Kf5 52.
Bxb5 h5 53. Nd3 Kf6 54. Kf4  1-0

[Event "Prague Open 2022 - B FIDE Open"]
[Site "Olympik hotel, Prague"]
[Date "2022.01.08"]
[Round "3"]
[Board "3"]
[White "Mazatis, Benjamin"]
[Black "Rovatti, Paolo"]
[Result "1/2-1/2"]
[WhiteElo "1546"]
[BlackElo "1820"]
[PlyCount "83"]
[EventDate "2022.01.07"]
[EventRounds "9"]
[EventCountry "CZE"]

1. d4 e6 2. c4 c5 3. d5 exd5 4. cxd5 d6 5. Nc3 Be7 6. Nf3 Nf6 7. Nd2 a6 8. a4
Bf5 9. e4 Bg6 10. Be2 Nbd7 11. O-O O-O 12. f4 h6 13. a5 Ne8 14. Nc4 Bf6 15. Bf3
Bd4+ 16. Kh1 f5 17. Qe2 Bxc3 18. bxc3 fxe4 19. Bxe4 Bf7 20. Ne3 Nef6 21. Bf3
Re8 22. Qd3 b5 23. axb6 Qxb6 24. Nc4 Qc7 25. Na5 Nb6 26. c4 Nbd7 27. Bd2 Nf8
28. Nc6 Ng6 29. g3 Qd7 30. Ra3 h5 31. Rfa1 h4 32. Kg2 hxg3 33. hxg3 Ne7 34.
Nxe7+ Rxe7 35. Rxa6 Rxa6 36. Rxa6 Bh5 37. Ra8+ Kf7 38. Bxh5+ Nxh5 39. Qf3 Nf6
40. Bc3 Ng4 41. f5 Ne3+ 42. Kf2  1/2-1/2

[Event "Prague Open 2022 - B FIDE Open"]
[Site "Olympik hotel, Prague"]
[Date "2022.01.08"]
[Round "3"]
[Board "4"]
[White "Janousek, Roman"]
[Black "Oniani, Tamar"]
[Result "1-0"]
[WhiteElo "1817"]
[BlackElo "1618"]
[PlyCount "103"]
[EventDate "2022.01.07"]
[EventRounds "9"]
[EventCountry "CZE"]

1. d4 d5 2. c4 dxc4 3. e4 Nf6 4. e5 Nd5 5. Bxc4 e6 6. Ne2 Bb4+ 7. Nbc3 c5 8. a3
Nxc3 9. bxc3 Ba5 10. O-O O-O 11. Be3 Nc6 12. Qd3 a6 13. Rad1 Qe7 14. Bc1 b5 15.
Ba2 Bb7 16. Qg3 Kh8 17. Bb1 Bc7 18. Qh3 f5 19. Nf4 Kg8 20. Rfe1 Rad8 21. d5
exd5 22. Bxf5 Rxf5 23. Qxf5 Bc8 24. e6 Rf8 25. Qxd5 Bxf4 26. Bxf4 Rxf4 27. Qxc6
Rf8 28. Re5 c4 29. Qd6 Qxd6 30. Rxd6 Re8 31. f4 g6 32. g4 Kg7 33. Kf2 Kf6 34.
e7+ Kf7 35. g5 Rxe7 36. Rf6+ Ke8 37. Ke3 Rxe5+ 38. fxe5 Ke7 39. h4 a5 40. Rb6
Bd7 41. Kd4 a4 42. Rb8 Ke6 43. Rh8 Kf5 44. Rxh7 Be6 45. Re7 Bg8 46. Kc5 Kg4 47.
Rg7 b4 48. axb4 Be6 49. Kd6 Bc8 50. e6 Kxh4 51. e7 a3 52. e8=Q  1-0

[Event "Prague Open 2022 - B FIDE Open"]
[Site "Olympik hotel, Prague"]
[Date "2022.01.08"]
[Round "3"]
[Board "5"]
[White "Svetly, Jiri"]
[Black "Turp, Hueseyin"]
[Result "1-0"]
[WhiteElo "1800"]
[BlackElo "1595"]
[PlyCount "91"]
[EventDate "2022.01.07"]
[EventRounds "9"]
[EventCountry "CZE"]

1. d4 d5 2. c4 c6 3. Nc3 Nf6 4. Nf3 e6 5. Bg5 Be7 6. e3 a6 7. c5 h6 8. Bh4 a5
9. Bd3 b6 10. cxb6 Qxb6 11. Qc2 Ba6 12. Rb1 Bxd3 13. Qxd3 Nbd7 14. O-O O-O 15.
b3 Rfe8 16. Rfc1 Qa6 17. Qxa6 Rxa6 18. Na4 Ba3 19. Rc2 Ne4 20. Nd2 Nd6 21. g4
e5 22. dxe5 Rxe5 23. Bg3 Re6 24. Rd1 Ne4 25. Nxe4 Rxe4 26. h3 g5 27. Nc3 Re7
28. Ne2 Bc5 29. Rdc1 Bxe3 30. fxe3 Rxe3 31. Kf2 Re4 32. Rxc6 Rxc6 33. Rxc6 a4
34. Nc3 Rd4 35. Ke3 Rb4 36. Nxd5 Rb7 37. Rc7 Rxc7 38. Nxc7 axb3 39. axb3 Nc5
40. b4 Nb7 41. Nb5 f6 42. Nd6 Nd8 43. b5 Kf8 44. b6 Ke7 45. b7 Nc6 46. Nf5+  1-0

[Event "Prague Open 2022 - B FIDE Open"]
[Site "Olympik hotel, Prague"]
[Date "2022.01.08"]
[Round "3"]
[Board "7"]
[White "Huz, Valerii"]
[Black "Kusak, Lubomir"]
[Result "1-0"]
[WhiteElo "1376"]
[BlackElo "1748"]
[PlyCount "73"]
[EventDate "2022.01.07"]
[EventRounds "9"]
[EventCountry "CZE"]

1. e4 d6 2. d4 Nf6 3. Nc3 Nbd7 4. f4 e6 5. Nf3 c6 6. a4 Qa5 7. Bd2 Qc7 8. Bd3
e5 9. O-O exd4 10. Nxd4 Qb6 11. Nce2 c5 12. a5 Qc7 13. Nb5 Qc6 14. b3 Be7 15.
Ng3 a6 16. Nc3 Nf8 17. Qe1 Ng6 18. e5 dxe5 19. fxe5 Nd5 20. Nxd5 Qxd5 21. Bc4
Qxe5 22. Bxf7+ Kd8 23. Be3 Nf8 24. Rd1+ Bd7 25. Rd5 Qc7 26. Bf4 Qc6 27. Nf5 Qf6
28. Nxe7 Qxf7 29. Bc7+ Ke8 30. Rxf7 Kxf7 31. Nf5 Be6 32. Nd6+ Kg8 33. Rxc5 h5
34. Qe4 Bc8 35. Bb6 Nd7 36. Qe6+ Kh7 37. Rxh5#  1-0

[Event "Prague Open 2022 - B FIDE Open"]
[Site "Olympik hotel, Prague"]
[Date "2022.01.08"]
[Round "3"]
[Board "9"]
[White "Qabazard, Mohamed"]
[Black "Karlsson, Peter 1965"]
[Result "0-1"]
[WhiteElo "1572"]
[BlackElo "1726"]
[PlyCount "89"]
[EventDate "2022.01.07"]
[EventRounds "9"]
[EventCountry "CZE"]

1. e4 d5 2. exd5 Nf6 3. d4 Nxd5 4. c4 Nb6 5. Nf3 g6 6. Be2 Bg7 7. Nc3 c6 8. O-O
Bg4 9. Ne5 Bxe2 10. Nxe2 Bxe5 11. dxe5 Qxd1 12. Rxd1 Nxc4 13. f4 O-O 14. b3 Nb6
15. Ba3 Nd5 16. Rd3 Re8 17. Rad1 Na6 18. g3 Nac7 19. Nd4 a6 20. R1d2 Nb5 21.
Nxb5 axb5 22. Bc5 b6 23. Bf2 e6 24. Kf1 c5 25. Ke2 b4 26. Rc2 Ra6 27. Be1 Rea8
28. Rdd2 Nc3+ 29. Kd3 Kf8 30. Rg2 Nxa2 31. g4 Ke7 32. h4 Rd8+ 33. Kc4 Nc3 34.
Bxc3 bxc3 35. Rxc3 Ra5 36. Rd3 Rxd3 37. Kxd3 Rb5 38. Rb2 Rb4 39. Ke3 c4 40. h5
Rxb3+ 41. Rxb3 cxb3 42. Kd3 Kd7 43. hxg6 hxg6 44. Kc3 Kc6 45. Kxb3  0-1

[Event "Prague Open 2022 - B FIDE Open"]
[Site "Olympik hotel, Prague"]
[Date "2022.01.08"]
[Round "3"]
[Board "10"]
[White "Svacina, Tobias"]
[Black "Hountondji, William"]
[Result "1-0"]
[WhiteElo "1695"]
[BlackElo "1533"]
[PlyCount "79"]
[EventDate "2022.01.07"]
[EventRounds "9"]
[EventCountry "CZE"]

1. e4 Nf6 2. Nc3 e5 3. f4 d5 4. fxe5 Nxe4 5. d3 Nxc3 6. bxc3 Be7 7. Nf3 c5 8.
d4 Nc6 9. Be2 O-O 10. O-O Be6 11. Qe1 Rc8 12. Qg3 Kh8 13. Bd3 c4 14. Be2 f6 15.
Bf4 fxe5 16. Bxe5 Nxe5 17. Nxe5 Bf6 18. Ng4 Qc7 19. Qxc7 Rxc7 20. Nxf6 Rxf6 21.
Rf3 Re7 22. Re1 Bg4 23. Rxf6 gxf6 24. Kf2 Bf5 25. Bf3 Be4 26. Bxe4 dxe4 27. g4
Kg7 28. Kg3 Re6 29. Kf4 Ra6 30. Rxe4 Rxa2 31. Re2 Ra1 32. Re7+ Kf8 33. Rxb7 a5
34. Rxh7 a4 35. Ra7 a3 36. Ke4 a2 37. Kd5 Rg1 38. Rxa2 Rxg4 39. Ra6 f5 40. Rf6+
 1-0

[Event "Prague Open 2022 - B FIDE Open"]
[Site "Olympik hotel, Prague"]
[Date "2022.01.09"]
[Round "4"]
[Board "2"]
[White "Konvalinka, Vladislav"]
[Black "Jaeger, Andre"]
[Result "1/2-1/2"]
[WhiteElo "1796"]
[BlackElo "1889"]
[PlyCount "42"]
[EventDate "2022.01.07"]
[EventRounds "9"]
[EventCountry "CZE"]

1. d4 Nf6 2. c4 d6 3. Nf3 g6 4. g3 Bg7 5. Bg2 O-O 6. O-O Nbd7 7. Nc3 e5 8. e4
exd4 9. Nxd4 Re8 10. h3 a6 11. Re1 Rb8 12. a4 Nc5 13. Bg5 h6 14. Bf4 Ne6 15.
Be3 Nc5 16. Qc2 a5 17. Rad1 Bd7 18. b3 Na6 19. Qc1 Kh7 20. Ndb5 b6 21. Bd4 Ng8
 1/2-1/2

[Event "Prague Open 2022 - B FIDE Open"]
[Site "Olympik hotel, Prague"]
[Date "2022.01.09"]
[Round "4"]
[Board "4"]
[White "Rovatti, Paolo"]
[Black "Huz, Valerii"]
[Result "0-1"]
[WhiteElo "1820"]
[BlackElo "1376"]
[PlyCount "72"]
[EventDate "2022.01.07"]
[EventRounds "9"]
[EventCountry "CZE"]

1. d4 Nf6 2. Nf3 d5 3. Ne5 c5 4. c3 Qc7 5. Bf4 Nh5 6. Nxf7 Nxf4 7. Nxh8 g6 8.
e3 Nh5 9. Qf3 Nf6 10. Bd3 Bg4 11. Qg3 Qxg3 12. hxg3 Bf5 13. Be2 Bg7 14. Nxg6
hxg6 15. dxc5 Nbd7 16. Bb5 Kf7 17. c6 bxc6 18. Bxc6 Rb8 19. b3 Ne5 20. Ba4 Nd3+
21. Ke2 Ne4 22. f3 Nxg3+ 23. Kd2 Nxh1 24. g4 Bxg4 25. fxg4 Nc5 26. Bc6 Ne4+ 27.
Kc2 e6 28. Na3 Nhg3 29. Rg1 Rc8 30. Bb5 Rxc3+ 31. Kd1 Nf2+ 32. Kd2 Nge4+ 33.
Ke2 Bf8 34. Nb1 Rc2+ 35. Kf3 Ng5+ 36. Kg3 Nfe4+  0-1

[Event "Prague Open 2022 - B FIDE Open"]
[Site "Olympik hotel, Prague"]
[Date "2022.01.09"]
[Round "4"]
[Board "5"]
[White "Karlsson, Peter 1965"]
[Black "Sajtlava, Igor"]
[Result "1/2-1/2"]
[WhiteElo "1726"]
[BlackElo "1624"]
[PlyCount "64"]
[EventDate "2022.01.07"]
[EventRounds "9"]
[EventCountry "CZE"]

1. e4 c6 2. d4 d5 3. exd5 cxd5 4. Bd3 Nc6 5. c3 Nf6 6. Ne2 Bg4 7. f3 Bh5 8. O-O
e6 9. Ng3 Bg6 10. f4 Bxd3 11. Qxd3 Bd6 12. Nd2 O-O 13. Nf3 g6 14. Ne5 Ne8 15.
Be3 Ng7 16. Rae1 Ne7 17. Bc1 Nef5 18. Nxf5 Nxf5 19. g4 Ng7 20. Qg3 f6 21. Nd3
Qc7 22. Qg2 Qf7 23. Rf3 Rae8 24. Ref1 Rd8 25. h4 f5 26. Ne5 Bxe5 27. fxe5 Qd7
28. gxf5 Rxf5 29. Rxf5 Nxf5 30. Bg5 Rf8 31. h5 h6 32. Bf6 g5  1/2-1/2

[Event "Prague Open 2022 - B FIDE Open"]
[Site "Olympik hotel, Prague"]
[Date "2022.01.09"]
[Round "4"]
[Board "7"]
[White "Halousek, Jaroslav"]
[Black "Mazatis, Benjamin"]
[Result "1/2-1/2"]
[WhiteElo "1649"]
[BlackElo "1546"]
[PlyCount "42"]
[EventDate "2022.01.07"]
[EventRounds "9"]
[EventCountry "CZE"]

1. c4 c6 2. Nc3 d5 3. cxd5 cxd5 4. d4 Nf6 5. g3 Bf5 6. Bg2 e6 7. Nf3 h6 8. Bf4
Bb4 9. Qa4+ Nc6 10. O-O Bxc3 11. bxc3 O-O 12. c4 Rc8 13. c5 Qa5 14. Qxa5 Nxa5
15. Bd6 Rfe8 16. Ne5 Ne4 17. Bxe4 Bxe4 18. f3 Bh7 19. Nd3 Nc4 20. Bf4 b6 21.
Rac1 g5  1/2-1/2

[Event "Prague Open 2022 - B FIDE Open"]
[Site "Olympik hotel, Prague"]
[Date "2022.01.09"]
[Round "4"]
[Board "8"]
[White "Siles, Jan"]
[Black "Radics, Robert"]
[Result "1-0"]
[WhiteElo "1607"]
[BlackElo "1800"]
[PlyCount "55"]
[EventDate "2022.01.07"]
[EventRounds "9"]
[EventCountry "CZE"]

1. e4 c6 2. d4 d5 3. f3 e6 4. Nc3 Nd7 5. Nge2 c5 6. Be3 cxd4 7. Nxd4 e5 8. Ndb5
d4 9. Nd5 Bb4+ 10. Nxb4 dxe3 11. Qd6 Qb6 12. Nc7+ Kd8 13. Qxb6 Nxb6 14. Nxa8
Nxa8 15. O-O-O+ Kc7 16. Nd5+ Kb8 17. Nxe3 Ne7 18. Bc4 f6 19. Rd2 Nb6 20. Bb3
Nc6 21. Nd5 Nd7 22. Ba4 Nc5 23. Bxc6 bxc6 24. Ne7 Bb7 25. Rhd1 g6 26. Rd8+ Rxd8
27. Rxd8+ Kc7 28. Rh8  1-0

[Event "Prague Open 2022 - B FIDE Open"]
[Site "Olympik hotel, Prague"]
[Date "2022.01.09"]
[Round "4"]
[Board "9"]
[White "Kusak, Lubomir"]
[Black "Turp, Hueseyin"]
[Result "1/2-1/2"]
[WhiteElo "1748"]
[BlackElo "1595"]
[PlyCount "69"]
[EventDate "2022.01.07"]
[EventRounds "9"]
[EventCountry "CZE"]

1. c4 c6 2. d4 d5 3. cxd5 cxd5 4. Nc3 Nc6 5. g3 Nf6 6. Bg2 e6 7. Nf3 Be7 8. O-O
a6 9. a3 Bd7 10. Bf4 h6 11. h4 Rc8 12. Re1 O-O 13. Ne5 Nh5 14. Be3 Nxe5 15.
dxe5 Bxh4 16. gxh4 Rc4 17. Qd3 Qxh4 18. b3 Rg4 19. Bd2 d4 20. f3 Rxg2+ 21. Kxg2
Qg3+ 22. Kh1 dxc3 23. Qxc3 Qf2 24. Rg1 Ng3+ 25. Rxg3 Qxg3 26. Qd4 Bc6 27. Bf4
Qh3+ 28. Kg1 Qf5 29. Kf2 Kh7 30. Rh1 Rc8 31. Qd2 Qg6 32. Rg1 Qf5 33. Rh1 Qg6
34. Rg1 Qf5 35. Rh1  1/2-1/2